000
00446nam a22001097a 4500
082
_a
8910433/AMI
100
_a
मीतल, शुचिता
_9
83011
245
_a
आमिश एवं भावना राय मूर्ति पूजा तथ्य और आस्था का संगम
260
_a
गुरुग्राम
_b
हार्पर कौलीनस
_c
2024
650
_a
उपन्यास
942
_c
HIN
999
_c
67759
_d
67759